| 000 | 01408cam a2200301 4500 | ||
|---|---|---|---|
| 002 | 7660 | ||
| 008 | 040621n2004 000 0 eng u | ||
| 020 | _a0415320046 | ||
| 020 | _a9780203630464 | ||
| 035 | _a(Sirsi) u126518 | ||
| 041 | _aeng | ||
| 050 |
_a526.9 _c22 |
||
| 100 | _aJohnson, Aylmer | ||
| 245 |
_aPlane and geodetic surveying _bthe management of control networks _h[electronic resource] |
||
| 260 |
_aLondon _bSpon _c2004 |
||
| 300 | _aeBook | ||
| 350 | _a29.99 | ||
| 520 | _aThis eBook is aimed primarily at students, this book provides detailed guidance on theoretical and practical aspects of surveying including the use of principal surveying instruments and how to convert instrument readings into useful results. Chapters cover: general principles of surveying; principal surveying activities; angle measurement and distance measurement; levelling; satellite surveying; geoids and ellipsoids; map projections; adjustment of observations; reduction of distance measurements; and reciprocal vertical angles. Appendices, glossary and bibliography. | ||
| 650 | _aGPS | ||
| 650 | 2 | 4 | _aEBOOK |
| 650 | _aSURVEYING INSTRUMENTS | ||
| 650 | _aGEODETIC SURVEYING | ||
| 650 | _aPLANE SURVEYING | ||
| 650 |
_aMeasurement _96256 |
||
| 690 |
_aGeomatics _96242 |
||
| 856 | 4 | 0 |
_uhttps://www.vlebooks.com/ _zView on VLEbooks. Logins for members only from [email protected] |
| 942 | _n0 | ||
| 999 |
_c103622 _d103622 |
||